taper les marques de voiture - Statistiques

Statistiques générales
  • Ce quiz a été pris 235 fois
  • Le résultat moyen est 10 sur 16
Statistiques - réponses
Par images Réponse % Correct
Tesla
97%
Audi
96%
Mini
95%
Skoda
94%
Bentley
91%
Kia
83%
Hyundai
82%
Cupra
72%
Smart
72%
Bugatti
69%
Abarth
60%
Corvette
60%
Brabus
48%
SsangYong
12%
BMW
10%
Bianchi
0%
Aucun quiz correspondant
Distribution des résultats
% des personnes avec chaque résultat
Percentile par nombre de réponses
Votre historique - résultats
Vous n’avez pas pris ce quiz